<?xml version="1.0" encoding="UTF-8"?>
<collection xmlns="http://www.loc.gov/MARC21/slim">
  <record>
    <leader>00000nam  2200000   4500</leader>
    <controlfield tag="001">INLIS000000000017143</controlfield>
    <controlfield tag="005">20240607114200</controlfield>
    <datafield tag="035" ind1="#" ind2="#">
      <subfield code="a">0010-0624000046</subfield>
    </datafield>
    <controlfield tag="007">ta</controlfield>
    <controlfield tag="008">240607################|##########|#|##</controlfield>
    <datafield tag="084" ind1="#" ind2="#">
      <subfield code="a">R 025 PIM I 2023</subfield>
    </datafield>
    <datafield tag="100" ind1=" " ind2="#">
      <subfield code="a">Mohamad Risbiyantoro</subfield>
    </datafield>
    <datafield tag="245" ind1="1" ind2="#">
      <subfield code="a">Peningkatan Kualitas Informasi Hasil Pengawasan Guna Penjaminan Pencapaian Tujuan Program Pemerintah Melalui Thematic Comprehensive Assurance Intiative /</subfield>
      <subfield code="c">Mohamad Risbiyantoro</subfield>
    </datafield>
    <datafield tag="260" ind1="#" ind2="#">
      <subfield code="a">Jakarta :</subfield>
      <subfield code="b">Pusbangkom Pimnas dan Manajerial ASN,</subfield>
      <subfield code="c">2023</subfield>
    </datafield>
    <datafield tag="300" ind1="#" ind2="#">
      <subfield code="a">80 halaman ;</subfield>
      <subfield code="c">30 cm</subfield>
    </datafield>
    <datafield tag="650" ind1="#" ind2="4">
      <subfield code="a">Kualitas Informasi</subfield>
    </datafield>
    <datafield tag="650" ind1="#" ind2="4">
      <subfield code="a">Pengawasan</subfield>
    </datafield>
    <datafield tag="520" ind1="#" ind2="#">
      <subfield code="a">Pengelolaan keuangan negara yang transparan, akuntabel, dan semakin meningkat kinerjanya tidak lepas dari kualitas dari mulai perencanaan, penganggaran, pelaksanaan, penatausahaan, yang pada akhirnya pelaporan dan pengukuran kinerja, Permasalahan-permasalahan yang berdampak pada kualitas transparansi, akuntabilitas dan kinerja mungkin muncul pada setiap tahapan yang seharusnya dilakukan pengawasan pada serangkaian tahan yang sangat berisiko dan berimplikasi pada kualitas kinerja.&#13;
Oleh karena itu, diperlukan intervensi berupa Thematic Comprehensive Assurance (TCA) Initiative, yaitu pelaksanaan pengawasan secara komprehensif dan terintegrasi meliputi pengawasan atas proses perencanaan dan penganggaran, pelaknsaan program, manajemen risiko dan pemanfaatan, sehingga dapat diketahui kinerja pencapaian tujuan program. kegiatan sampai level dampak program/ kegiatan, dan manajemen risiko pelaksanaan program/kegiatan.</subfield>
    </datafield>
    <datafield tag="856" ind1="#" ind2="#">
      <subfield code="a">Perpustakaan LAN Pusat</subfield>
    </datafield>
    <datafield tag="990" ind1="#" ind2="#">
      <subfield code="a">24.06.025</subfield>
    </datafield>
  </record>
</collection>
